00627nam a2200193Ia 450000500170000000800410001702000150005805000270007310000310010024500650013126000300019630000330022644000130025952100070027252600080027994200120028799900170029995201170031620140402105547.0140130s9999 xx 000 0 und d a043922330x aE 302.6.F8 b.G46 2000 aGiblin, James Cross931323 cJames Cross Giblin.aThe amazing life of Benjamin Franklin / bScholastic,c2000.aUSA : a48 p. :bcol. ill. ;c25 cm. v1931174 aG7 c880 cBK2lcc c41255d41255 00102lcc40aMUbMUcSCHOd2014-01-30l0oE 302.6.F8 .G46 2000pMS0543r2014-01-30 00:00:00t1w2014-03-11yBK